Connections Game Quiz Stats

 Plays Quiz Updated Nov 28, 2018

     
Support Sporcle.
Go Orange.
Score 0/20 Timer 05:00
3 Plays Today
Hint Answer % Correct
Elvis Presley ain't nothin' but thisHound Dog
88.5%
Sitcom from '87-'95 starring Bob Saget and the Olsen twinsFull House
86.4%
Web browser developed by the Mozilla FoundationFirefox
81.8%
Gift frequently bought by a man for a woman he intends to marryEngagement Ring
80.5%
Popular Johnny Cash song co-written by June CarterRing of Fire
76.6%
He played his best for Him, pa rum pum pum pumLittle Drummer Boy
75.8%
1981 Walt Disney animated feature film(The) Fox and the Hound
75.7%
Lead singer of the Culture ClubBoy George
72.5%
Lead singer of Wham!George Michael
65.4%
CBS sitcom or a determination of when, where, and how force shall be usedRules of Engagement
65.1%
Hint Answer % Correct
The unfiltered juice from a Macintosh or Granny SmithApple Cider
63.9%
Common name for the laryngeal prominenceAdam's Apple
63.3%
1985 John Irving novel about an orphan(The) Cider House Rules
55%
Book by E.B. White turned into a filmStuart Little
54.7%
Star of films 'Falling Down' and 'The Game'Michael Douglas
49.5%
Royal dynasty of England preceded by Tudor and succeeded by HanoverHouse of Stuart
47.5%
1975 Sidney Lumet crime drama starring Al PacinoDog Day Afternoon
40.8%
Author of 'Dirk Gently's Holistic Detective Agency'Douglas Adams
39%
1975 #1 single from Starland Vocal BandAfternoon Delight
38.4%
1998 Tom Wolfe novel concerning an Atlanta real estate mogulA Man in Full
8.5%

From the Vault

Billy Joel Songs by Image

by I-Am-Batman

Music 3m
Normally we listen to songs instead of looking at pictures of them.
Remove Ads.
Support Sporcle.
Get the best of Sporcle when you Go Orange. This ad-free experience offers more features, more stats, and more fun while also helping to support Sporcle. Thank you for becoming a member.

Show Comments

Extras

Top Quizzes Today


Score Distribution

Your Account Isn't Verified!

In order to create a playlist on Sporcle, you need to verify the email address you used during registration. Go to your Sporcle Settings to finish the process.

Report this User

Report this user for behavior that violates our Community Guidelines.

Details: